000 00622nam a2200253Ia 4500
003 OSt
005 20221007103557.0
006 a|||||r|||| 00| 0
007 ta
008 221006b |||||||| |||| 00| 0 eng d
020 _a04065626011
024 _a13,517
037 _cTextual
040 _aLCO
_cLCO
_beng
041 _2eng
_aeng
082 _aZ58v, M3
100 _aButler W.E.
_9688913
245 0 _aSoviet Law
260 _aLondon
_bButterworths India
_c1983
300 _a374
650 _aSOVIET LAW
_9701440
942 _hZ58v, M3
_cTEXL
999 _c1183080
_d1183080